| 000 | 00388nam a22001457a 4500 | ||
|---|---|---|---|
| 020 | _a9788177583533 | ||
| 040 | _cNust | ||
| 082 |
_a621.3813 _bLIA |
||
| 100 |
_aSamuel Y. Liao _9113806 |
||
| 245 | _aMicrowave Devices and Circuits | ||
| 250 | _a3rd Edition | ||
| 260 |
_aNew Delhi: _bPearson Education Inc, _c2009. |
||
| 650 |
_aMicrowave Devices and Circuits _991815 |
||
| 942 |
_2ddc _cBK |
||
| 999 |
_c610312 _d610312 |
||